000
00296nam a2200109Ia 4500
008
200302s9999 xx 000 0 und d
100
_a
Geraint John & Others
245
_a
Ice Rinks & Swimming Pools Handbook Vol 3 2nd ed.
260
_b
Architectural Press Ltd.
260
_c
2000
300
_a
245 P.,
999
_c
1782
_d
1782